000 00339nam a22001457a 4500
008 221130b ||||| |||| 00| 0 eng d
020 _a9780887252921
041 _aeng
080 _2SECOND EDITION
_a615.83
082 _a615.83STO
100 _a16.2
101 _aEGZ
245 _aPERSONAL FITNESS FOR YOU
_cSTOKES R
942 _2udc
_cBK
999 _c59044
_d59044